Fouling of heat transfer equipment /

Guardado en:
Autores Corporativos: International Conference on the Fouling of Heat Transfer Equipment, Rensselaer Polytechnic Institute.
Otros Autores: Somerscales, E. F. C., (Editor , ed.), Knudsen, James George, 1920-, (Editor , ed.)
Formato: Libro
Idioma:English
Publicado: Washington : Hemisphere Pub. Corp., c1981.
Materias:
Etiquetas: Agregar Etiqueta
Sin Etiquetas, Sea el primero en etiquetar este registro!
LEADER 01252nam a22002775a 4500
001 EIQ.libpla001286
008 811001s1981####dcuao####b####101#0#eng#d
005 20060901185226.0
245 0 0 |a Fouling of heat transfer equipment /  |c edited by E.F.C. Somerscales and J.G. Knudsen. 
260 |a Washington :  |b Hemisphere Pub. Corp.,  |c c1981. 
300 |a xiii, 743 p. :  |b il., fotos ;  |c 25 cm. 
500 |a "Proceedings of the International Conference on the Fouling of Heat Transfer Equipment, held at Rensselaer Polytechnic Institute on August 13-17, 1979"--Pref. 
504 |a Incluye referencias bibliográficas e índice. 
020 |a 0891161996 
700 1 |a Somerscales, E. F. C.,  |e ed.  |4 edt 
700 1 |a Knudsen, James George,  |d 1920-,  |e ed.  |4 edt 
711 2 |a International Conference on the Fouling of Heat Transfer Equipment  |d (1979 :  |c Rensselaer Polytechnic Institute) 
710 2 |a Rensselaer Polytechnic Institute. 
082 0 0 |a 621.402/5  |2 19 
650 4 |a Intercambiadores de calor  |x Congresos. 
650 4 |a Intercambiadores de calor  |x Suciedad. 
650 4 |a Heat exchangers  |x Congresses. 
650 4 |a Heat exchangers  |x Fouling. 
010 |a  80028694  
040 |a DLC  |c DLC  |d AR-BbSID 
859 |a AR-BbSID  |b BIB. PLAPIQUI  |h 621.402 5  |i F 824  |p 2191